|
|
|
|
| LEADER |
00000cam a2200000 a 4500 |
| 001 |
vtls008406276 |
| 003 |
SK-MaSNL |
| 005 |
20260425223757.0 |
| 008 |
251124s1922 xo a 00 0 ger |
| 015 |
|
|
|a SNBA19191938-003827
|
| 035 |
|
|
|a SK01SNKBIKKM20020098493
|
| 035 |
|
|
|a SKM000100956
|
| 040 |
|
|
|a SNK
|b slo
|c SNK
|e AACR2
|
| 041 |
0 |
|
|a ger
|
| 044 |
|
|
|a xo
|c SK
|
| 080 |
|
|
|a 726
|2 1981
|
| 100 |
1 |
|
|a Leweke-Weyde, Gisela,
|d 1894-1984
|4 aut
|4 ill
|9 228499
|
| 245 |
1 |
0 |
|a Kloster und Kirche der Elisabethinerinnen in Pressburg
|c Text und Zeichnungen von G.[isela] Weyde
|
| 260 |
|
|
|a Pressburg
|b Carl Angermayer, predtým Alois Schreiber
|c 1922
|e Pressburg
|f Carl Angermayer predtým Alois Schreiber
|
| 300 |
|
|
|a 23 s.
|c 4°
|e 19 l. obr. príl.
|
| 500 |
|
|
|a Pozn. a lit. pod čiarou
|
| 504 |
|
|
|a Zoznam použ. lit.
|
| 505 |
0 |
|
|a Úvod
|
| 650 |
0 |
7 |
|a sakrálna architektúra
|2 SNK
|9 729
|
| 650 |
0 |
7 |
|a knihy
|2 SNKPH
|9 19731
|
| 650 |
0 |
7 |
|a kláštory
|2 SNKPH
|9 3024
|
| 651 |
|
7 |
|a Bratislava (Slovensko)
|2 SNKPH
|9 14568
|
| 852 |
|
|
|a Múzeum ukrejinsko-rusínskej kultúry vo Svidníku
|b 9050000
|h 2148
|
| 852 |
|
|
|a Regionálna knižnica mesta pri Archíve hl. mesta Bratislavy
|b 9110000
|h 14936
|
| 958 |
|
|
|a OND
|
| 958 |
|
|
|a RK
|
| 958 |
|
|
|a TL
|
| 999 |
|
|
|c 595239
|d 597169
|
| 952 |
|
|
|a SNK
|b SNK
|y PREZ
|7 0
|p 17A0565529
|o snkSB 17952
|i snkK 3439/72
|8 3
|0 0
|1 0
|4 0
|d 2007-10-26
|l 0
|r 2025-03-20 00:00:00
|w 2026-02-23
|
| 952 |
|
|
|t 19. samostatných listov
|a SNK
|b SNK
|y PREZ
|7 0
|p 17A0560394
|o snkSB 17952 Príloha
|i snkK 3439/72
|8 3
|0 0
|1 0
|4 0
|d 2007-10-26
|l 0
|r 2025-03-20 00:00:00
|w 2026-02-23
|